Oscar Best Picture Winners - Sudden Death - Statistics

General Stats
  • This quiz has been taken 1,951 times
  • The average score is 5 of 15
Answers on the Grid
Answers color-coded by a green-red scale on the quiz's grid according to % correct below.
Gladiator
The Pianist
Titanic
Avatar
CODA
Dunkirk
Million Dollar Baby
Brokeback Mountain
Casablanca
Funny Girl
Rain Man
The Wolf of Wall Street
Crash
Who's Afraid of Virginia Woolf?
The Godfather Part II
Saving Private Ryan
Kramer Vs. Kramer
The Exorcist
My Fair Lady
The Crying Game
The Hurt Locker
La La Land
One Flew Over the Cuckoo's Nest
Fargo
Lawrence of Arabia
Dead Poets Society
Parasite
Fiddler On the Roof
Out of Africa
All Quiet on the Western Front (2022)
 
Answer Stats
Answer % Correct
Titanic
50%
Parasite
48%
Gladiator
42%
The Godfather Part II
38%
Million Dollar Baby
36%
One Flew Over the Cuckoo's Nest
36%
Crash
35%
Lawrence of Arabia
35%
Casablanca
34%
The Hurt Locker
33%
CODA
32%
Kramer Vs. Kramer
31%
Rain Man
29%
Out of Africa
27%
My Fair Lady
22%
No matching quizzes found
Score Distribution
Percent of People with Each Score
Percentile by Number Answered
Your Score History
You have not taken this quiz